Hospodářství a nový občanský zákoník přednesl ... dne 11. května 1937

Enregistré dans:
Détails bibliographiques
Auteur principal: Sedláček, Jaromír
Format: Livre
Langue:tchèque
Publié: Praha Česká společnost národohospod. 1937
Collection:Sbírka přednášek pořádaných Českou spol. národohospod. v období 1936-37 14
Tags: Ajouter un tag
Pas de tags, Soyez le premier à ajouter un tag!

MARC

LEADER 00000nam a2200000 4500
001 c137878
005 20220114111638.0
041 0 |a cze 
044 |a CZ 
245 1 0 |a Hospodářství a nový občanský zákoník  |b přednesl ... dne 11. května 1937  |c Jaromír Sedláček 
264 1 |a Praha  |b Česká společnost národohospod.  |c 1937 
300 |a 19 s. 
490 1 |a Sbírka přednášek pořádaných Českou spol. národohospod. v období 1936-37  |v 14 
830 0 |a Sbírka přednášek pořádaných Českou spol. národohospod. v období 1936-37  |v 14 
100 1 |a Sedláček, Jaromír